000 00292nam a2200121Ia 4500
008 190216s9999||||xx |||||||||||||| ||und||
100 _aPonkunnam Sayedmohammed
245 0 _aMahammadam Mahakavyam
260 _bSuni Publications
_c1978
300 _a412p
650 _aKavithkal
942 _cBK
999 _c25395
_d25395